Word Ladder: Bilbo's Residence Quiz Stats

 Plays Quiz Updated Jun 3, 2019

Score 0/11 Timer 01:00
2 Plays Today
Hint 3-Letter Word % Correct
Large in sizeBIG
98.5%
Participate in an auctionBID
97.6%
Cover for a containerLID
97.1%
Mouse catching petCAT
96.2%
Have a mealEAT
95.7%
Terminate; come to a close• END •
91.8%
Camping bedCOT
89.5%
Tolkien's TreebeardENT
87.5%
Biblical character whose wife turned to saltLOT
81.9%
A portable container• BAG •
80.8%
'My Own Worst Enemy' bandLIT
80%

Today's Daily Dose

You're not logged in!

Compare scores with friends on all Sporcle quizzes.
OR
Log In

Sporcle TV

Today on Sporcle TV


Watch our educational content, quiz creation guides, and fun videos on Sporcle TV.

Show Comments

Extras

Top Quizzes Today


Score Distribution

Your Account Isn't Verified!

In order to create a playlist on Sporcle, you need to verify the email address you used during registration. Go to your Sporcle Settings to finish the process.

Report this User

Report this user for behavior that violates our Community Guidelines.

Details: